000
00277pab a2200109 454500
008
180718b xxu||||| |||| 00| 0 eng d
100
_a
Nanda, Antara
245
_a
No ddvelopment without water management
650
_a
Water Supply
773
_a
Financial Management
909
_a
21900
999
_c
21900
_d
21900